[Event "Oberliga Nord W 2223"]
[Site "Germany"]
[Date "2022.10.23"]
[Round "1.6"]
[White "Van Son, Lutz"]
[Black "Pollmann, Sascha"]
[Result "1/2-1/2"]
[WhiteElo "2169"]
[BlackElo "2073"]
[PlyCount "45"]
[EventDate "2022.10.23"]
[EventType "team-tourn"]
[EventRounds "9"]
[EventCountry "GER"]
[SourceTitle "EXT 2025"]
[Source "ChessBase"]
[SourceDate "2024.10.14"]
[SourceVersion "1"]
[SourceVersionDate "2024.10.14"]
[SourceQuality "1"]
[WhiteTeam "Hameln"]
[BlackTeam "Werder Bremen III"]
[WhiteTeamCountry "GER"]
[BlackTeamCountry "GER"]

1. e4 c5 2. Nf3 g6 3. c4 Bg7 4. Nc3 Nc6 5. Be2 d6 6. 0-0 Nf6 7. d3 0-0 8. h3 Rb8 9. Be3 a6 10. a4 Bd7 11. Qd2 Ne8 12. d4 cxd4 13. Nxd4 Nf6 14. f3 Re8 15. Rfd1 Qa5 16. b3 Nxd4 17. Bxd4 Be6 18. Rab1 Qb4 19. Be3 Nd7 20. Nd5 Qxd2 21. Rxd2 Bxd5 22. exd5 a5 23. Bd3 1/2-1/2

[Event "Bremen Silvester op"]
[Site "Bremen"]
[Date "2021.12.29"]
[Round "6"]
[White "Ciolek, Andreas"]
[Black "Pollmann, Sascha"]
[Result "1-0"]
[WhiteElo "2217"]
[BlackElo "2076"]
[PlyCount "79"]
[EventDate "2021.12.21"]
[EventType "swiss"]
[EventRounds "7"]
[EventCountry "GER"]
[SourceTitle "CBM 205 Extra"]
[Source "ChessBase"]
[SourceDate "2022.01.31"]
[SourceVersion "1"]
[SourceVersionDate "2022.01.31"]
[SourceQuality "1"]

1. e4 c5 2. Nc3 g6 3. d4 cxd4 4. Qxd4 Nf6 5. Be3 Nc6 6. Qd2 Bg7 7. f3 0-0 8. 0-0-0 d6 9. Kb1 Be6 10. h4 h5 11. Nge2 Ne5 12. Nd4 Nc4 13. Bxc4 Bxc4 14. g4 b5 15. gxh5 Nxh5 16. Bh6 b4 17. Nce2 Qa5 18. Nc1 Bh8 19. Bxf8 Rxf8 20. Qg5 Qxg5 21. hxg5 Rc8 22. Nde2 a5 23. Nd3 Ba6 24. Nef4 Nxf4 25. Nxf4 Be5 26. Nd5 Kf8 27. f4 Bg7 28. f5 Be5 29. f6 exf6 30. gxf6 Ke8 31. Rh8+ Kd7 32. Nb6+ Kc7 33. Nxc8 Bxc8 34. Re8 Be6 35. Rf1 Bc4 36. Rf3 Bd4 37. b3 Be2 38. Rf4 Be3 39. Rh4 Bg5 40. Rh7 1-0

[Event "Bayern-chI Bank Hofmann 22nd"]
[Site "Tegernsee"]
[Date "2018.10.31"]
[Round "5"]
[White "Pollmann, Sascha"]
[Black "Koepke, Christian"]
[Result "1-0"]
[WhiteElo "2091"]
[BlackElo "2331"]
[PlyCount "67"]
[EventDate "2018.10.27"]
[EventType "swiss"]
[EventRounds "9"]
[EventCountry "GER"]
[SourceTitle "CBM 187 Extra"]
[Source "ChessBase"]
[SourceDate "2018.11.04"]
[SourceVersion "1"]
[SourceVersionDate "2018.11.04"]
[SourceQuality "1"]

1. Nf3 Nf6 2. g3 g6 3. Bg2 Bg7 4. 0-0 0-0 5. d3 d6 6. e4 c5 7. Re1 Nc6 8. c3 Bg4 9. h3 Bxf3 10. Qxf3 Nd7 11. Be3 b5 12. Nd2 b4 13. Rec1 Rb8 14. Nc4 bxc3 15. bxc3 Nb6 16. Nxb6 Qxb6 17. Qd1 Qb2 18. Rc2 Qa3 19. Rac1 Rb2 20. Qd2 Rfb8 21. d4 Qxa2 22. e5 Na5 23. Bf1 Rxc2 24. Rxc2 Qa1 25. Ra2 Qb1 26. Rxa5 Rb2 27. Rxa7 h6 28. Qc1 Qxc1 29. Bxc1 Rc2 30. Be3 Rxc3 31. exd6 exd6 32. dxc5 dxc5 33. Ra8+ Kh7 34. Rc8 1-0

[Event "Bayern-chI Bank Hofmann 22nd"]
[Site "Tegernsee"]
[Date "2018.10.27"]
[Round "1"]
[White "Pollmann, Sascha"]
[Black "Morawietz, Dieter"]
[Result "0-1"]
[WhiteElo "2091"]
[BlackElo "2408"]
[PlyCount "54"]
[EventDate "2018.10.27"]
[EventType "swiss"]
[EventRounds "9"]
[EventCountry "GER"]
[SourceTitle "CBM 187 Extra"]
[Source "ChessBase"]
[SourceDate "2018.11.04"]
[SourceVersion "1"]
[SourceVersionDate "2018.11.04"]
[SourceQuality "1"]

1. Nf3 c5 2. g3 Nc6 3. c4 g6 4. d4 cxd4 5. Nxd4 Bg7 6. Nc2 d6 7. Bg2 Bd7 8. 0-0 Rc8 9. Nc3 Na5 10. Ne3 Nf6 11. Qd3 Ng4 12. Nxg4 Bxg4 13. f3 Bd7 14. b3 b5 15. Be3 bxc4 16. bxc4 Nxc4 17. Rac1 Bf5 18. Ne4 d5 19. Rfd1 Nxe3 20. Qxe3 Rxc1 21. Qxc1 Qb6+ 22. Nf2 Bd4 23. Rf1 0-0 24. f4 Rc8 25. Qa3 e6 26. Bf3 Rc3 27. Qa4 Bh3 0-1

[Event "Bayern-chI Bank Hofmann 21st"]
[Site "Tegernsee"]
[Date "2017.10.28"]
[Round "1"]
[White "Hoffmann, Michael"]
[Black "Pollmann, Sascha"]
[Result "1-0"]
[WhiteElo "2462"]
[BlackElo "2098"]
[PlyCount "111"]
[EventDate "2017.10.28"]
[EventType "swiss"]
[EventRounds "9"]
[EventCountry "GER"]
[SourceTitle "CBM 181 Extra"]
[Source "ChessBase"]
[SourceDate "2017.12.12"]
[SourceVersion "1"]
[SourceVersionDate "2017.12.12"]
[SourceQuality "1"]

1. d4 e6 2. c4 f5 3. Nc3 Nf6 4. Qc2 Bb4 5. e3 b6 6. Bd3 Bb7 7. f3 0-0 8. Nge2 c5 9. a3 Bxc3+ 10. Qxc3 Nc6 11. 0-0 Qe7 12. b4 Rac8 13. bxc5 bxc5 14. Rb1 Ba8 15. dxc5 Rb8 16. a4 Qxc5 17. Rb5 Rxb5 18. axb5 Ne5 19. Nd4 Nxd3 20. Ba3 Qe5 21. Qxd3 Rc8 22. Nb3 Qc7 23. Rc1 Ne8 24. Nc5 Nf6 25. Na6 Qa5 26. Bd6 Bd5 27. h3 Qa2 28. Nc7 Qb2 29. Qc3 Qxc3 30. Rxc3 Bxc4 31. Rxc4 Ne8 32. Be5 d6 33. Nxe8 Rxc4 34. Nxd6 Rc5 35. Bd4 Rd5 36. Nc8 Rxb5 37. Nxa7 Rb3 38. Nc6 g6 39. Kf2 Kf7 40. h4 Rb1 41. Kg3 Rc1 42. Ne5+ Kg8 43. Kf4 Rc2 44. g3 Rg2 45. g4 fxg4 46. fxg4 Rf2+ 47. Kg5 Rh2 48. h5 gxh5 49. gxh5 Rf2 50. Nd7 Rf7 51. Nf6+ Kg7 52. Ng4+ Kf8 53. Kh6 Rf5 54. Nf6 e5 55. Bxe5 Kf7 56. Bd4 1-0

[Event "Oberliga Nord W 1617"]
[Site "Germany"]
[Date "2016.10.16"]
[Round "1.8"]
[White "Pollmann, Sascha"]
[Black "Thimm, Torsten"]
[Result "1/2-1/2"]
[WhiteElo "2043"]
[BlackElo "2085"]
[PlyCount "57"]
[EventDate "2016.10.16"]
[EventType "team-tourn"]
[EventRounds "9"]
[EventCountry "GER"]
[SourceTitle "EXT 2018"]
[Source "ChessBase"]
[SourceDate "2017.10.13"]
[SourceVersion "1"]
[SourceVersionDate "2017.10.13"]
[SourceQuality "1"]
[WhiteTeam "Werder Bremen"]
[BlackTeam "Delmenhorst"]
[WhiteTeamCountry "GER"]
[BlackTeamCountry "GER"]

1. Nf3 d5 2. g3 Nf6 3. Bg2 c6 4. 0-0 Bf5 5. d3 h6 6. Nbd2 Nbd7 7. Qe1 e5 8. e4 dxe4 9. dxe4 Be6 10. Qe2 Qc7 11. b3 Bb4 12. Bb2 0-0 13. Nc4 Bg4 14. a3 Bc5 15. b4 b5 16. bxc5 bxc4 17. Qxc4 Rab8 18. Bc3 Rb5 19. Qe2 a5 20. a4 Rxc5 21. Bb2 Rb8 22. Ba3 Rc3 23. Rfd1 Qa7 24. Rd3 Qa6 25. h3 Be6 26. Nxe5 Kh7 27. Nxd7 Nxd7 28. e5 g6 29. Qe3 1/2-1/2

[Event "Paderborn op 12th"]
[Site "Paderborn"]
[Date "2015.12.27"]
[Round "1"]
[White "Levin, Felix"]
[Black "Pollmann, Sascha"]
[Result "1-0"]
[WhiteElo "2506"]
[BlackElo "2023"]
[PlyCount "95"]
[EventDate "2015.12.27"]
[EventType "swiss"]
[EventRounds "7"]
[EventCountry "GER"]
[SourceTitle "CBM 170 Extra"]
[Source "ChessBase"]
[SourceDate "2016.02.25"]
[SourceVersion "1"]
[SourceVersionDate "2016.02.25"]
[SourceQuality "1"]

1. d4 e6 2. c4 f5 3. Nc3 Nf6 4. Qc2 d5 5. Bf4 c6 6. e3 Bd6 7. Bxd6 Qxd6 8. Nf3 0-0 9. h3 Ne4 10. g4 Nd7 11. gxf5 Nxc3 12. bxc3 Rxf5 13. Nh2 Rh5 14. f4 b6 15. Ng4 Bb7 16. Bg2 c5 17. cxd5 exd5 18. Bf3 cxd4 19. cxd4 Rc8 20. Qb3 Kh8 21. Ne5 Rf5 22. Bg4 Rcf8 23. Bxf5 Rxf5 24. Qc2 Rf8 25. 0-0 Ba6 26. Rf3 Kg8 27. Qc6 Qxc6 28. Nxc6 Kf7 29. Nxa7 Ra8 30. Nc6 Bc4 31. Ne5+ Nxe5 32. fxe5+ Ke7 33. a3 b5 34. Rf2 b4 35. a4 b3 36. a5 Ra6 37. Rb2 Rg6+ 38. Kf2 Ra6 39. Ke1 g5 40. Kd2 h5 41. Kc3 g4 42. hxg4 hxg4 43. Rxb3 Bxb3 44. Kxb3 g3 45. Kb4 g2 46. Rg1 Rg6 47. Kc5 Ke6 48. a6 1-0

[Event "Heusenstamm Schloss op 1st"]
[Site "Heusenstamm"]
[Date "2014.11.20"]
[Round "1"]
[White "Pollmann, Sascha"]
[Black "Popp, Johann"]
[Result "1-0"]
[WhiteElo "2028"]
[BlackElo "1453"]
[PlyCount "57"]
[EventDate "2014.11.20"]
[EventType "swiss"]
[EventRounds "7"]
[EventCountry "GER"]
[SourceTitle "CBM 163 Extra"]
[Source "ChessBase"]
[SourceDate "2014.12.23"]
[SourceVersion "1"]
[SourceVersionDate "2014.12.23"]
[SourceQuality "1"]

1. Nf3 d5 2. g3 Nf6 3. Bg2 e6 4. 0-0 Be7 5. d3 0-0 6. Nbd2 Nbd7 7. e4 dxe4 8. dxe4 c6 9. e5 Nd5 10. a3 Qc7 11. Re1 b5 12. c4 N5b6 13. Qc2 bxc4 14. Nxc4 Nxc4 15. Qxc4 Nb6 16. Qg4 Rd8 17. Bh6 g6 18. Rac1 Bf8 19. Bxf8 Rxf8 20. Ng5 Nd5 21. Qh4 h5 22. g4 Kg7 23. gxh5 Rh8 24. Bxd5 exd5 25. Qf4 Rxh5 26. Qf6+ Kg8 27. Re3 Rb8 28. Rg3 Bf5 29. Qxf5 1-0

[Event "Karl Mala Memorial op-A 17th"]
[Site "Frankfurt"]
[Date "2014.08.03"]
[Round "6"]
[White "Pollmann, Sascha"]
[Black "Uwira, Oliver"]
[Result "0-1"]
[WhiteElo "2053"]
[BlackElo "2233"]
[PlyCount "30"]
[EventDate "2014.07.31"]
[EventType "swiss"]
[EventRounds "7"]
[EventCountry "GER"]
[SourceTitle "EXT 2015"]
[Source "ChessBase"]
[SourceDate "2014.11.20"]
[SourceVersion "1"]
[SourceVersionDate "2014.11.20"]
[SourceQuality "1"]

1. Nf3 Nf6 2. g3 d5 3. Bg2 c6 4. c4 Bf5 5. cxd5 cxd5 6. Qb3 Nc6 7. Qxb7 Bd7 8. Qb3 e5 9. d3 Rb8 10. Qd1 Bb4+ 11. Nfd2 Qc8 12. h3 Nd4 13. Kf1 Nc2 14. Nb3 Ba4 15. N3d2 Ne3+ 0-1

[Event "Karl Mala Memorial op-A 17th"]
[Site "Frankfurt"]
[Date "2014.08.01"]
[Round "2"]
[White "Pollmann, Sascha"]
[Black "Schmitzer, Klaus"]
[Result "1-0"]
[WhiteElo "2053"]
[BlackElo "2289"]
[PlyCount "55"]
[EventDate "2014.07.31"]
[EventType "swiss"]
[EventRounds "7"]
[EventCountry "GER"]
[SourceTitle "EXT 2015"]
[Source "ChessBase"]
[SourceDate "2014.11.20"]
[SourceVersion "1"]
[SourceVersionDate "2014.11.20"]
[SourceQuality "1"]

1. Nf3 b6 2. g3 Bb7 3. Bg2 f5 4. 0-0 Nf6 5. d3 g6 6. Nc3 Bg7 7. Re1 0-0 8. e4 fxe4 9. dxe4 Na6 10. e5 Ng4 11. e6 dxe6 12. Qe2 Nc5 13. Bg5 h6 14. Rad1 Qe8 15. Bf4 g5 16. Be3 Nxe3 17. Qxe3 Qh5 18. Nd2 Bxg2 19. Kxg2 Bxc3 20. bxc3 Rad8 21. Nf3 Rd6 22. Rd4 Qg6 23. h4 Rf5 24. hxg5 hxg5 25. Rg4 Nd7 26. Nh4 Qh5 27. Nxf5 Qxg4 28. Nh6+ 1-0